000 00558cab a2200205 4500
001 ABS42402
008 090401t1990 xxu||||| |||| 00| 0 eng d
035 _a(Sirsi) u36586
041 _aeng
100 _aRowland, P.
245 _aDoing business in Europe: Portugal
260 _c1990
350 _a0
490 _aAccountancy
_v105(1159) March 1990, 118-121(3)
520 _aDescription of what you need to know if you plan to live and work in Portugal .
650 _aTAXATION
690 _aOVERSEAS-EUROPE
942 _n0
948 _c04/03/1997
999 _c23708
_d23708